00282nam a2200097Ia 4500008004000000082001700040100002700057245001900084260007400103300000700177210210b1894 xxu||||| |||| 00| 0 eng d a338.954 INDA aINDIA (Government of). aAtomic energy. aNDbPublication Division Ministry of Information & Broadcastingc1894 a32